000
00300nam a2200121Ia 4500
008
191201s2015 xx 000 0 und d
100
_a
Garg, m.k
245
0
_a
Entrepreneurship Development and Management
250
_a
1st
260
_c
2015-16
_b
DONATED
_a
NEW DELHI
300
_a
272
942
_2
ddc
_c
BK
999
_c
8149
_d
8149